1544 1816 1583 1250 1419 1358 1071 1812 1409 1094 1937 1646 1404 2000 1163 1693 1932 1416 1151 1093 1430 1717 1781 1800 1348 1028 1101 1698 1685 1629 1388 1555 1831 1834 1639 1553 1378 1571 1798 1349 1264 1430 1052 1871 1826 1585 1822 1534 1112 1635 1295 1820 1457 1833 1761 1401 1559 1390 1959 1348 1761 1999 1073 1234 1900 1936 1057 1868 1145 1770 1882 1932 1001 1051 1582 1746 1332 1925 1276 1590 1029 1371 1281 1602 1940 1332 1543 1261 1585 1505 1712 1510 1996 1449 1595 1448 1565 1711 1057 BCNSPRNW ULIB Ver.6.0+V

เปลี่ยนเป็นภาษาไทย

Change to English
 แสดงรายละเอียดบรรณานุกรม
  กลับหน้าหลัก

Brief Record : Get Marc (ISO 2709) : E-mail record : QR code < ปิดหน้าต่าง
LEADER : 00000nam 2200000uu 4500
001    13399127407
003     ULIB
008    200519s2017||||th 000 0 tha d
020    ^a9781506259840 (pbk.)
050  4 ^aPE1128^bM443E
100 1  ^aMatthiesen, Steven J.
245 10 ^aEssential words for the TOEFL:^btest of English as aforeign language /^cSteven J. Matthiesen
246 30 ^aBarron s essential words for the TOEFL
246 30 ^aTest of English as a Foreign Language
250    ^a7th ed.
260    ^aHauppauge, N.Y. :^bBarron s Educational series,^c2017
300    ^avii, 344 p. ;^c23 cm.
500    ^aIncludes index
650  0 ^aTest of English as a foreign language^vStudy guides
650  0 ^aEnglish language^vTextbooks for foreign speakers
650  0 ^aEnglish language^xExaminations^vStudy guides
650  0 ^aVocabulary^xExaminations^vStudy guides
653    ^aTOEFL
945    ^p386^l0^i007080
999    ^aประนอม เกษจรัล
รายการนี้ยังไม่มีแท็ก
คุณยังไม่ได้ล็อกอิน คุณสามารถมีกิจกรรมร่วมกับเว็บไซต์ได้ แต่ต้องล็อกอินก่อน ::
  ล็อกอิน

รายการสื่อสารสนเทศ

ลำดับที่ ประเภท เลขเรียก/บาร์โค้ด สถานที่ สถานะ
1. การศึกษาทั่วไป
หนังสือสำรอง
สถานะ=หนังสือสำรอง
PE1128 M443E ฉ.1 
  Barcode: 007080
ห้องสมุดวิทยาเขตสวรรค์ประชารักษ์
►หนังสือทั่วไป
บนชั้น

รายการใกล้เคียง
    ผู้แต่ง [Matthiesen, Steven J.]

BibComment


ยังไม่เคยถูกคอมเมนท์

คอมเมนท์ทรัพยากรรายการนี้
  คอมเมนท์: Essential words ..


 Copyright 2026. Bcnsprnw @Library